<?xml version="1.0" encoding="UTF-8"?><?xml-stylesheet type="text/xsl" href="static/style.xsl"?><OAI-PMH xmlns="http://www.openarchives.org/OAI/2.0/" xmlns:xsi="http://www.w3.org/2001/XMLSchema-instance" xsi:schemaLocation="http://www.openarchives.org/OAI/2.0/ http://www.openarchives.org/OAI/2.0/OAI-PMH.xsd"><responseDate>2026-06-01T08:38:16Z</responseDate><request verb="GetRecord" identifier="oai:riuma.uma.es:10630/24477" metadataPrefix="marc">https://riuma.uma.es/rest/oai/request</request><GetRecord><record><header><identifier>oai:riuma.uma.es:10630/24477</identifier><datestamp>2026-02-03T11:47:35Z</datestamp><setSpec>com_10630_2254</setSpec><setSpec>col_10630_37959</setSpec></header><metadata><record xmlns="http://www.loc.gov/MARC21/slim" xmlns:dcterms="http://purl.org/dc/terms/" xmlns:doc="http://www.lyncode.com/xoai" xmlns:xsi="http://www.w3.org/2001/XMLSchema-instance" xsi:schemaLocation="http://www.loc.gov/MARC21/slim http://www.loc.gov/standards/marcxml/schema/MARC21slim.xsd">
   <leader>00925njm 22002777a 4500</leader>
   <datafield ind2=" " ind1=" " tag="042">
      <subfield code="a">dc</subfield>
   </datafield>
   <datafield ind2=" " ind1=" " tag="720">
      <subfield code="a">Pérez-de-Inestrosa-Villatoro, Ezequiel</subfield>
      <subfield code="e">author</subfield>
   </datafield>
   <datafield ind2=" " ind1=" " tag="720">
      <subfield code="a">Nájera-Albendín, Francisco</subfield>
      <subfield code="e">author</subfield>
   </datafield>
   <datafield ind2=" " ind1=" " tag="720">
      <subfield code="a">Morgado, Anjara</subfield>
      <subfield code="e">author</subfield>
   </datafield>
   <datafield ind2=" " ind1=" " tag="720">
      <subfield code="a">Vida-Pol, Yolanda</subfield>
      <subfield code="e">author</subfield>
   </datafield>
   <datafield ind2=" " ind1=" " tag="260">
      <subfield code="c">2022-05-30</subfield>
   </datafield>
   <datafield ind2=" " ind1=" " tag="520">
      <subfield code="a">La estructura ramificada y la elevada multivalencia que presentan los dendrímeros los convierten en excelentes compuestos con potenciales aplicaciones en el campo de la biomedicina. En concreto, los dendrímeros con grupos amino terminales han resultado ser una herramienta muy útil en este campo gracias a la gran versatilidad que presentan. Nuestro grupo de investigación tiene una gran experiencia en el diseño y síntesis de dendrímeros amino-terminales [1]. La inserción de estas unidades dendriméricas en complejos luminiscentes nos ha permitido obtener macromoléculas con excelentes propiedades como biomarcadores [2]. Además, la modificación superficial de implantes orales de titanio con este tipo de estructuras ha contribuido a mejorar la biocompatibilidad de los mismos [3].&#xd;
En esta comunicación presentamos una nueva familia de dendrímeros de poliamida amino-terminales. Su diseño implica una mayor separación entre los grupos terminales, generando así estructuras con menor congestión estérica. La metodología sintética se basa en procedimientos bien establecidos, utilizando reactivos sencillos y económicos, con rendimientos superiores al 90%, en escala de gramos y evitando procedimientos de purificación tediosos [4]</subfield>
   </datafield>
   <datafield ind1="8" ind2=" " tag="024">
      <subfield code="a">https://hdl.handle.net/10630/24477</subfield>
   </datafield>
   <datafield tag="653" ind2=" " ind1=" ">
      <subfield code="a">Dendímeros</subfield>
   </datafield>
   <datafield tag="653" ind2=" " ind1=" ">
      <subfield code="a">Biotecnología</subfield>
   </datafield>
   <datafield tag="653" ind2=" " ind1=" ">
      <subfield code="a">Biomedicina</subfield>
   </datafield>
   <datafield ind2="0" ind1="0" tag="245">
      <subfield code="a">Diseño de dendrímeros amino-terminales basados en enlaces tipo amidas. Estructuras con menor repulsión estérica y síntesis a gran escala</subfield>
   </datafield>
</record>
</metadata></record></GetRecord></OAI-PMH>